Analýza kontaktného odporu organických poľom riadených tranzistorov s využitím polovodiča DNTT

Gespeichert in:
Bibliographische Detailangaben
1. Verfasser: Kohlmann, Lukáš (Verfasst von)
Weitere Verfasser: Mičjan, Michal (Betreuung Doktorarbeit)
Format: Manuskript Buch
Sprache:Slowakisch
Veröffentlicht: Bratislava : STU v Bratislave FEI, 2023
Schlagworte:
Online-Zugang:https://opac.crzp.sk/?fn=detailBiblioFormChildG50R3&sid=2D2C61E4341E53665F67133BFA9A&seo=CRZP-detail-kniha
Tags: Tag hinzufügen
Keine Tags, Fügen Sie das erste Tag hinzu!

MARC

LEADER 00000ntm a22000003a 4500
001 stuzp88269
003 SK-STU
005 20241125135632.3
007 ta
008 150427s2015----xo-----f-mn---000-0-slo-d
040 |a STU  |b slo 
041 0 |a slo 
044 |a xo 
100 1 |a Kohlmann, Lukáš  |u 033000  |4 aut  |U FEI Fakulta elektrotechniky a informatiky  |T FEI Ústav elektroniky a fotoniky  |X 98236  |U E030  |Y 549  |7 98236 
242 0 1 |a Contact resistance analysis of organic field effect transistors using DNTT semiconductor  |y eng 
245 1 0 |a Analýza kontaktného odporu organických poľom riadených tranzistorov s využitím polovodiča DNTT 
260 |a Bratislava :  |b STU v Bratislave FEI,  |c 2023 
300 |a 64 s. 
650 4 |a organický poľom riadený tranzistor  |2 slo 
650 4 |a OFET  |2 slo 
650 4 |a DNTT  |2 slo 
650 4 |a kontaktný odpor  |2 slo 
650 4 |a organic field-effect transistor  |2 eng 
650 4 |a OFET  |2 eng 
650 4 |a DNTT  |2 eng 
650 4 |a contact resistance  |2 eng 
700 1 |a Mičjan, Michal  |u 033000  |k Z2  |4 ths  |U FEI Fakulta elektrotechniky a informatiky  |T FEI Ústav elektroniky a fotoniky  |X 6212  |U E030  |Y 549  |7 A000006212 
856 4 |u https://opac.crzp.sk/?fn=detailBiblioFormChildG50R3&sid=2D2C61E4341E53665F67133BFA9A&seo=CRZP-detail-kniha